| 000 | 01297nam a22003497a 4500 | ||
|---|---|---|---|
| 003 | CHAP | ||
| 005 | 20220817044217.0 | ||
| 008 | 080423d2007 mx r 00110 spa d | ||
| 010 | _a94741 | ||
| 011 | _a95713 | ||
| 035 | _a106342 | ||
| 040 | _cCHAP | ||
| 090 | _aTesis | ||
| 100 | 1 |
_aNarváez Benítez, Benito. _980244 |
|
| 245 | 1 | 3 |
_aEl concepto de proteína ideal como una herramienta en la formulación de dietas para cerdos _c/por Benito Narváez Benítez |
| 260 |
_aCocula, Gro. : _bEl autor, _c2007 |
||
| 300 |
_a44 h. : _bgráfs. ; cuadros |
||
| 502 | _aTesis (Ing. Agr. Zootecnista) -- Colegio Superior Agropecuario del Estado de Guerrero. Centro de Estudios Profesionales | ||
| 590 |
_aALEPH _b10 _c20130110 _lUCH01 _h1522 |
||
| 590 |
_aBATCH-UPD _b10 _c20130110 _lUCH01 _h0629 |
||
| 590 |
_aBATCH-UPD _b10 _c20130410 _lUCH01 _h0313 |
||
| 590 |
_aBATCH-UPD _b10 _c20130914 _lUCH01 _h1523 |
||
| 590 |
_aCONVERSION _b10 _c20130109 _lUCH01 _h1352 |
||
| 650 | 1 | 4 |
_aAminoacidos. _95340 |
| 650 | 1 | 4 |
_aGanado porcino _xAlimentación. _945329 |
| 650 | 1 | 4 |
_aGanado porcino _xCrecimiento. _945349 |
| 650 | 1 | 4 | _aNutrición animal. |
| 650 | 1 | 4 |
_aProteínas en nutrición animal. _992454 |
| 901 | _aBK | ||
| 942 | _cTESIS | ||
| 949 |
_aTesis _bBC _cTES _d33724002041215 _eTS1 _gDonaciØn _h47628 _i106342 _sb |
||
| 999 |
_c94741 _d94741 |
||